L'autonomia nell'opera della educazione

Saved in:
Bibliographic Details
Main Author: Ruggeri, Giovanni Battista.
Format: Book
Language:Italian
Published: Roma Barbera 1880
Textbook Catalogue:EDISCO:  Library Catalog Search Result
Textbook Classification:
Tags: Add Tag
No Tags, Be the first to tag this record!
Added to:2016-04-30
Changed in:2017-10-18

MARC

LEADER 00000aam a22000007 4500
001 06100
003 OSt
005 20171018094910.0
008 160501s1880 it 000 0 ita
040 |c Gianfranco Bandini - Firenze - CLIO 
041 1 |a ita 
100 1 |a Ruggeri, Giovanni Battista. 
245 0 0 |a L'autonomia nell'opera della educazione 
260 |a Roma  |b Barbera  |c 1880 
300 |a 51, 1/x ;  
901 |a 7 
942 |2 ddc  |c BK 
546 |a ita 
999 |c 6089  |d 6089 
999 |c edisco:6089  |d 6089